000 00818nam a2200229 i 4500
001 189848
003 ES-MaACL
005 20230906223554.0
008 191205s1971 sp |||| | spa d
111 0 _aConcilio Vaticano (
_n2º.
_d1962-1965)
_9122
245 1 3 _aEl ministerio y la vida de los sacerdotes
_b: Decreto "Presbyterorum Ordinis" /
_c[comentarios Miguel Kuehn ; versión por Miguel Matilla].
260 _aBilbao :
_bMensajero,
_c1971.
300 _a173 p. ;
_c19 cm.
490 1 _aColección "Vivir el Concilio" ;
_v12
650 _aSacerdocio.
_9143867
700 1 _aPablo
_bVI,
_cPapa, Santo.
_9168351
700 1 _aKuehn, Michel.
_9169043
700 0 _aMatilla, Miguel.
_979074
830 0 _aColección "Vivir el Concilio" ;
_v12
_9193434
852 _aES-MaACL
_jP-1111-7
999 _c189848
_d189848